Guess the song - Harry Styles - Statistics

General Stats
  • This quiz has been taken 1,892 times
  • The average score is 24 of 35
Answer Stats
Hint Answer % Correct
Tastes like strawberries… Watermelon Sugar
97%
Just stop your crying… Sign of the Times
94%
She worked her way through a cheap pack of cigarettes… Kiwi
93%
You were riding your bike to the sound of it’s no big deal… Matilda
89%
Don’t you call him baby… Cherry
85%
Same lips red… Two Ghosts
82%
Put a price on emotion… Fine Line
81%
I’m in my bed… Falling
80%
Walk in your rainbow paradise… Adore You
79%
Green eyes fried rice… Music For a Sushi Restaurant
77%
9 in the morning… She
74%
I’m on the roof… Daylight
73%
Don’t blame me for falling… To Be So Lonely
71%
(…)It’s you, and I’m not getting over it… Cinema
70%
(…)Yesterday it finally came, a sunny afternoon… Grapejuice
69%
…She said “love me like you paid me”… Daydreaming
68%
Woke up alone in this hotel room… From the Dinning Table
67%
Holding me back… As It Was
66%
…You sit high atop the kitchen counter… Little Freak
66%
You got a new life… Satellite
66%
You gotta see it to believe it… Canyon Moon
65%
Black and white film… Keep Driving
63%
Things haven’t been quite the same… Late Night Talking
63%
Open up your eyes, shut your mouth, and see… Only Angel
63%
Maybe we can find a place to feel good… Treat People With Kindness
63%
(…)I’m selfish, I know… Woman
63%
…So far way but she says I remind her of home… Carolina
62%
…Maybe you don’t know it’s lost till’ you find it… Love Of My Life
60%
…I just left your bedroom… Meet Me in the Hallway
60%
…Had another talk about where it’s going wrong… Sweet Creature
60%
Tell me something… Ever Since New York
57%
…They think you’re so easy… Boyfriends
54%
…Want you more than a melody… Sunflower
53%
What do you mean… Lights Up
47%
…As I open my eyes… Golden
41%
No matching quizzes found
Score Distribution
Percent of People with Each Score
Percentile by Number Answered
Your Score History
You have not taken this quiz